Die teuersten Fußballtransfers - Torwarte - Statistiken

Allgemein
  • Dieses Quiz wurde 189 mal gespielt
  • Das Durchschnittsergebnis liegt bei 8 aus 10
Antwortstatistiken
Ablöse (M €) Saison Nationalität Abgebender Verein Aufnehmender Verein Spieler % Korrekt
62,50 2018-2018 Brasilien AS Rom FC Liverpool Alisson
99%
30,00 2011-2012 Deutschalnd FC SChalke 04 Bayern München Manuel Neuer
99%
52,88 2001-2002 Italien AC Parma Juventus Turin Gianluigi Buffon
98%
40,00 2017-2018 Brasilien Benfica Manchester City Ederson
94%
35,00 2018-2019 Belgien FC Chelsea Real Madrid Thibaut Courtois
92%
50,20 2023-2024 Kamerun Inter Mailand Manchester United André Onana
90%
80,00 2018-2019 Spanien Athletic Bilbao FC Chelsea Kepa Arrizabalaga
88%
28,50 2017-2018 England AFC Sunderland FC Everton Jordan Pickford
78%
35,00 2019-2020 Niederlande FC Barcelona FC Valencia Jasper Cillessen
57%
28,70 2023-2024 Spanien Brighton FC Chelsea Robert Sánchez
45%
Keine übereinstimmenden Quizze gefunden
Verteilung der Resultate
Anzahl Personen mit jedem Resultat
Perzentil nach korrekt beantworteten Fragen
Ihre Resultats-Entwicklung
Sie haben dieses Quiz noch nicht gespielt